अकबर बीरबल की प्रसिद्ध कहानियाँ (Record no. 79871)
[ view plain ]
| 000 -LEADER | |
|---|---|
| fixed length control field | 01255nam a22002777a 4500 |
| 005 - DATE AND TIME OF LATEST TRANSACTION | |
| control field | 20131107154048.0 |
| 010 ## - LCCN (DPL NO) | |
| LC control number | HIN-78763 |
| 020 ## - INTERNATIONAL STANDARD BOOK NUMBER | |
| International Standard Book Number | 8175735783 |
| Terms of availability | 110.00 |
| 037 ## - SOURCE OF ACQUISITION | |
| Source of stock number/acquisition | D.B.Act / ven |
| 037 ## - SOURCE OF ACQUISITION | |
| Source of stock number/acquisition | दिपला / यूबीएच |
| 037 ## - SOURCE OF ACQUISITION | |
| Source of stock number/acquisition | दिपला |
| 082 14 - DEWEY DECIMAL CLASSIFICATION NUMBER | |
| Classification number | क |
| 245 1# - TITLE STATEMENT | |
| Title | अकबर बीरबल की प्रसिद्ध कहानियाँ |
| Statement of responsibility, etc | श्याम दूआ द्वारा सम्पादित |
| 260 ## - PUBLICATION, DISTRIBUTION, ETC. (IMPRINT) | |
| Place of publication, distribution, etc | दिल्ली |
| Name of publisher, distributor, etc | टिनी टाँट पब्लिकेशन्स |
| Date of publication, distribution, etc | 2006 |
| 260 ## - PUBLICATION, DISTRIBUTION, ETC. (IMPRINT) | |
| Place of publication, distribution, etc | दिल्ली (वितरक) यू.बी.एच. |
| 270 ## - ADDRESS | |
| Address | 1376,कश्मीरी गेट |
| City | दिल्ली |
| Postal code | 110006 |
| 270 ## - ADDRESS | |
| Address | 15-यू.बी.बैग्लो रोड, जवाहर नगर |
| 270 ## - ADDRESS | |
| Address | एच- 37, सेक्टर-63 |
| 270 ## - ADDRESS | |
| Address | 235, जागृति एन्कलेव दिल्ली-92 |
| 300 ## - PHYSICAL DESCRIPTION | |
| Extent | 144पृ |
| Other physical details | सचित्र |
| Dimensions | 24 सेमी (सजिल्द) |
| 650 ## - SUBJECT ADDED ENTRY--TOPICAL TERM | |
| Topical term or geographic name as entry element | बाल कहानियाँ |
| 650 ## - SUBJECT ADDED ENTRY--TOPICAL TERM | |
| Topical term or geographic name as entry element | कहानियाँ |
| 650 ## - SUBJECT ADDED ENTRY--TOPICAL TERM | |
| Topical term or geographic name as entry element | Children Storys |
| 700 ## - ADDED ENTRY--PERSONAL NAME | |
| Personal name | श्याम दुआ संपादक |
| 942 ## - ADDED ENTRY ELEMENTS (KOHA) | |
| Institution code [OBSOLETE] | dpl |
| Item type | Children Books |
| Call number prefix | क / अकब |
| Source of classification or shelving scheme | Dewey Decimal Classification |
No items available.
